Statistics for Serbian sportsmen

Click here to take the quiz!

General Stats

  • This quiz has been taken 269 times
  • The average score is 5 of 8

Answer Stats

HintAnswer% Correct
Best tennis player in the worldNovak Djoković
100%
Basketball player; plays in CSKA MoscowMiloš Teodosić
68%
Midfielder; plays in ChelseaNemanja Matić
68%
Basketball player; plays in Fenerbahce (the "Trojka!!!")Bogdan Bogdanović
67%
Defender; plays in ChelseaBranislav Ivanović
67%
Best young goalkeeper in the world; plays in Maccabi Tel AvivPredrag Rajković
53%
Best waterpolo player in the worldFilip Filipović
47%
Basketball coach; currently in Bayern MunichSvetislav Pešić
31%

Score Distribution

Percentile by Number Answered

Percent of People with Each Score

Your Score History

You have not taken this quiz